Dom smútku, Pezinok

Salvato in:
Dettagli Bibliografici
Autore principale: Janíková, Petra (Autore)
Altri autori: Tóthová, Zuzana (Relatore della tesi)
Natura: Manoscritto Libro
Lingua:slovacco
Pubblicazione: Bratislava 2023
Soggetti:
Accesso online:http://is.stuba.sk/zp/portal_zp.pl?podrobnosti=155764
Tags: Aggiungi Tag
Nessun Tag, puoi essere il primo ad aggiungerne!!

MARC

LEADER 00000ntm a22000003a 4500
001 stuzp93551
003 SK-STU
005 20231004100033.9
007 ta
008 150427s2015----xo-----f-mn---000-0-slo-d
040 |a STU  |b slo 
041 0 |a slo 
100 1 |a Janíková, Petra  |u 051110  |4 aut  |U FAD Fakulta architektúry a dizajnu  |T FAD Ústav architektúry obytných budov  |X 103692  |U A1110  |Y 392  |7 103692 
242 0 1 |a Funeral Hall, Pezinok  |y eng 
245 1 0 |a Dom smútku, Pezinok 
260 |c 2023  |a Bratislava 
650 4 |a Pezinok  |2 slo 
650 4 |a Tehla  |2 slo 
650 4 |a cesta  |2 slo 
650 4 |a brick  |2 eng 
650 4 |a way  |2 eng 
650 4 |a Pezinok  |2 eng 
700 1 |a Tóthová, Zuzana  |u 051110  |k Z1  |4 ths  |U FAD Fakulta architektúry a dizajnu  |T FAD Ústav architektúry obytných budov  |X 389  |U A1110  |Y 392  |7 A000000389 
856 4 |u http://is.stuba.sk/zp/portal_zp.pl?podrobnosti=155764  |u https://opac.crzp.sk/?fn=detailBiblioForm&sid=C03CB0FBA6588971D13B27D1B6BF